Dorland's Pocket Medical Dictionary (Record no. 16624)

000 -LEADER
fixed length control field 00305nam a22001337a 4500
003 - CONTROL NUMBER IDENTIFIER
control field OSt
005 - DATE AND TIME OF LATEST TRANSACTION
control field 20170105103446.0
008 - FIXED-LENGTH DATA ELEMENTS--GENERAL INFORMATION
fixed length control field 131202t xxu||||| |||| 00| 0 eng d
020 ## - INTERNATIONAL STANDARD BOOK NUMBER
International Standard Book Number 978-1-4160-5885-4
040 ## - CATALOGING SOURCE
Transcribing agency ASAB
245 ## - TITLE STATEMENT
Title Dorland's Pocket Medical Dictionary
250 ## - EDITION STATEMENT
Edition statement 28th Ed.
942 ## - ADDED ENTRY ELEMENTS (KOHA)
Source of classification or shelving scheme
Koha item type Book
Holdings
Withdrawn status Lost status Source of classification or shelving scheme Damaged status Not for loan Collection code Permanent Location Current Location Date acquired Total Checkouts Full call number Barcode Date last seen Price effective from Koha item type
            Atta-ur-Rahman School of Applied Biosciences (ASAB) Atta-ur-Rahman School of Applied Biosciences (ASAB) 12/02/2013   610.3 DOR ASAB640 12/02/2013 12/02/2013 Book
            Central Library (CL) Central Library (CL) 09/01/2025   610.3 DOR CL-D-3056 09/25/2025 09/01/2025 Book
© 2023 Central Library, National University of Sciences and Technology. All Rights Reserved.